Správne delikty a ich druhy

Pojem delikt. Správny delikt, jeho vymedzenie. Druhy správnych deliktov.

Na minha lista:
Detalhes bibliográficos
Autor principal: Spišiaková, Helena
Formato: Capítulo de Livro
Idioma:eslovaco
Assuntos:
Tags: Adicionar Tag
Sem tags, seja o primeiro a adicionar uma tag!

MARC

LEADER 00000naa a2200000 4500
001 0198249
005 20250721122016.6
041 0 |a slo 
044 |a SK 
245 1 0 |a Správne delikty a ich druhy  |c Helena Spišiaková 
520 |a Pojem delikt. Správny delikt, jeho vymedzenie. Druhy správnych deliktov. 
610 2 0 |a správa verejná 
610 2 0 |a priestupky 
610 2 0 |a právo správne 
610 2 0 |a delikty správne 
100 1 |a Spišiaková, Helena